| 000 | 00752nam a2200205 a 4500 | ||
|---|---|---|---|
| 001 | 000042961 | ||
| 005 | 20201002040530.0 | ||
| 008 | 140213s1993 cr 000 0 spa d | ||
| 020 | _a997706007x | ||
| 040 |
_aDO-SdBNP _bspa _cBNPHU |
||
| 082 |
_axxxx _bR541a |
||
| 100 | 1 |
_aRico, José María _929674 |
|
| 245 | 1 | 3 |
_aLa administración de justicia en América Latina : _buna introducción al sistema penal / _cJosé María Rico, Luis Salas. |
| 260 |
_aSan José, Costa Rica : _bCentro para la Administración de Justicia, _c1993. |
||
| 300 |
_a56 p. ; _c28 cm. |
||
| 504 | _aBibliografía : p. 54-56 | ||
| 590 | _aInventariado, 2019 /LP | ||
| 700 | 1 |
_aSalas, Luis _970453 |
|
| 710 | 2 |
_aCentro para la Administración de la Justicia (Costa Rica) _970454 |
|
| 999 |
_c42450 _d42450 |
||